00545nam a2200193 a 4500001001300000003000900013005001700022008004100039020002500080082002100105100002000126245006300146260005000209300000900259500003500268505000600303650002200309700002000331nice12345678IN_TiNIC20260116013105.0050524s1995 cama grp 000 0 eng  a0521557 c838.700a305.4095694bMOO aMoors, Annelies aWomen, Poverty and Islamb Palestine Experiences 1920-1990 aCambridge bCambridge University Press c1995 a274p aincludes index and biblioraphy2 a7 aWomen-Palestenian1 aMoors, Annelies